[Event "Frankfurt Ch 2009"]
[Site "Ffm-Kalbach, LAZ"]
[Date "2009.05.18"]
[Round "4.60"]
[White "Kraus, Eduard"]
[Black "Knott, Tilo"]
[Result "1-0"]
[WhiteElo "1893"]
[BlackElo "1498"]
[PlyCount "74"]
[EventDate "2009.??.??"]
[WhiteTeam "SV Bergwinkel"]
[BlackTeam "SC Brett vor'm Kopp Ffm"]

1. d4 f5 2. c4 g6 3. Nc3 Bg7 4. h4 h5 5. Nh3 e5 6. Bg5 Ne7 7. Nd5 Bf8 8. dxe5
Nxd5 9. Qxd5 Bb4+ 10. Kd1 c6 11. Bxd8 cxd5 12. Bf6 Rg8 13. cxd5 Be7 14. Ng5 d6
15. Rc1 Na6 16. e4 dxe5 17. Bxe7 Kxe7 18. Bxa6 bxa6 19. f3 fxe4 20. fxe4 Bg4+
21. Kd2 Rgf8 22. Rhf1 Rab8 23. b3 Rxf1 24. Rxf1 Rf8 25. Rxf8 Kxf8 26. Nf3 Kg7
27. Nxe5 Bc8 28. Ke3 Kf6 29. Kf4 a5 30. Nc6 a6 31. e5+ Kf7 32. Nxa5 Bf5 33. Nc6
Bb1 34. a3 Ba2 35. Nd4 Bb1 36. d6 Bd3 37. e6+ Ke8 1-0

[Event "Frankfurt Ch 2009"]
[Site "Ffm-Kalbach, LAZ"]
[Date "2009.05.18"]
[Round "4.61"]
[White "Hohls, Henning"]
[Black "Bittner, Peter"]
[Result "0-1"]
[WhiteElo "1113"]
[BlackElo "1960"]
[PlyCount "90"]
[EventDate "2009.??.??"]
[WhiteTeam "SC 1934 Gelnhausen"]
[BlackTeam "SC Brett vor'm Kopp Ffm"]

1. d4 d5 2. Nf3 Nf6 3. e3 e6 4. Bd3 Be7 5. O-O O-O 6. Nbd2 c5 7. c3 Nbd7 8. Ne5
Qc7 9. f4 Ne8 10. Rf3 f5 11. Rh3 Nef6 12. g4 Nxe5 13. dxe5 Nxg4 14. Nf3 Bd7 15.
Qe2 Be8 16. Qg2 Qd8 17. Bd2 Qb6 18. b3 c4 19. bxc4 Nxe3 20. Qf2 Nxc4 21. Bxc4
Qxf2+ 22. Kxf2 dxc4 23. Rg1 Bc6 24. Ng5 Bxg5 25. Rxg5 Rad8 26. Be1 Rd3 27. Rgg3
Rfd8 28. Ke2 Be4 29. Bf2 Rd2+ 30. Ke1 Rxa2 31. Bd4 Rd5 32. Re3 Rb5 33. Re2
Rxe2+ 34. Kxe2 a5 35. Re3 Rb2+ 36. Kd1 Rxh2 37. Re2 Rxe2 38. Kxe2 h5 39. Bc5 a4
40. Kf2 Kh7 41. Kg3 Kg6 42. Kh4 Bf3 43. Kg3 Bd1 44. Bb4 Kf7 45. Kh4 Ke8 0-1

[Event "Frankfurt Ch 2009"]
[Site "Ffm-Kalbach, LAZ"]
[Date "2009.05.18"]
[Round "4.62"]
[White "Geipert, Wilfried"]
[Black "Boxberger, Alexander"]
[Result "1-0"]
[WhiteElo "1716"]
[BlackElo "1392"]
[PlyCount "47"]
[EventDate "2009.??.??"]
[WhiteTeam "SC Brett vor'm Kopp Ffm"]
[BlackTeam "SK 1858 Gießen"]

1. d4 Nf6 2. c4 g6 3. Nc3 Bg7 4. e4 d6 5. f3 O-O 6. Be3 Nbd7 7. Nh3 c5 8. d5
Nb6 9. Nf2 Nfd7 10. f4 f5 11. exf5 Rxf5 12. g4 Rf7 13. h4 Nf6 14. Bd3 e5 15.
fxe5 Nxg4 16. Nxg4 Bxg4 17. Qxg4 Bxe5 18. h5 Qf6 19. hxg6 Bxc3+ 20. Ke2 hxg6
21. bxc3 Re8 22. Qxg6+ Qg7 23. Rag1 Ree7 24. Qxd6 1-0

[Event "Frankfurt Ch 2009"]
[Site "Ffm-Kalbach, LAZ"]
[Date "2009.05.18"]
[Round "4.63"]
[White "Rausch, Wolfgang"]
[Black "Krüger, Jens"]
[Result "1-0"]
[WhiteElo "1730"]
[BlackElo "1382"]
[PlyCount "113"]
[EventDate "2009.??.??"]
[WhiteTeam "VSG 1880 Offenbach"]
[BlackTeam "SC Nidderau"]

1. c4 d6 2. e4 Nf6 3. Nc3 g6 4. d4 Bg7 5. Be2 O-O 6. Nf3 Nbd7 7. O-O a6 8. h3
c6 9. Be3 Rb8 10. a4 c5 11. Qc2 cxd4 12. Bxd4 b6 13. Rfd1 Qe8 14. e5 dxe5 15.
Nxe5 Nc5 16. b4 Bf5 17. Qb2 Ne6 18. Be3 Rd8 19. Bxb6 Rxd1+ 20. Rxd1 Qb8 21. Be3
Qxe5 22. Qb3 Ne4 23. Nd5 Re8 24. g4 Nc3 25. Nxc3 Qxc3 26. Qxc3 Bxc3 27. gxf5
gxf5 28. b5 axb5 29. axb5 f4 30. Ba7 Bb4 31. Rd5 Ra8 32. b6 Nd8 33. Rb5 Bd6 34.
c5 Be5 35. c6 Nxc6 36. Rxe5 Nxe5 37. b7 Rd8 38. b8=Q Rxb8 39. Bxb8 Ng6 40. Bd3
e6 41. Bxg6 hxg6 42. Bxf4 Kg7 43. Kg2 f6 44. h4 Kf7 45. Kf3 Kg7 46. Ke4 Kf7 47.
Bc1 Ke7 48. Kd4 Kd6 49. Ba3+ Kd7 50. Kc5 Kc7 51. Bb2 f5 52. Be5+ Kd7 53. Kb6
Ke7 54. Kc7 Kf7 55. Kd7 g5 56. hxg5 Kg6 57. f4 1-0

[Event "Frankfurt Ch 2009"]
[Site "Ffm-Kalbach, LAZ"]
[Date "2009.05.18"]
[Round "4.64"]
[White "Fischler, Paul"]
[Black "Haftmann, Rainer"]
[Result "0-1"]
[WhiteElo "1009"]
[BlackElo "1876"]
[PlyCount "72"]
[EventDate "2009.??.??"]
[WhiteTeam "Sfr.1891 Friedberg"]
[BlackTeam "SG 1945 Dietzenbach"]

1. e4 e5 2. Nc3 Nf6 3. d3 Nc6 4. Nf3 Be7 5. h3 O-O 6. Be2 d5 7. exd5 Nxd5 8.
Nxd5 Qxd5 9. Bd2 Be6 10. c3 h6 11. O-O f5 12. c4 Qd7 13. a3 Bf6 14. Qc2 Rad8
15. Rab1 Qf7 16. Bc3 Nd4 17. Nxd4 exd4 18. Be1 c5 19. b4 b6 20. bxc5 bxc5 21.
Bf3 Rb8 22. Bd2 Qc7 23. Rfe1 Bf7 24. Kf1 Qh2 25. Ke2 Rfe8+ 26. Kd1 Rxe1+ 27.
Bxe1 Re8 28. Qb3 Qg1 29. Be2 Qxg2 30. Qa2 Qxh3 31. Qa1 Bh5 32. Rb2 Qxd3+ 33.
Kc1 Bxe2 34. Rc2 Bg5+ 35. Kb2 Rb8+ 36. Ka2 Qb3# 0-1

[Event "Frankfurt Ch 2009"]
[Site "Ffm-Kalbach, LAZ"]
[Date "2009.05.18"]
[Round "4.66"]
[White "Roccasalvo, Giuseppe"]
[Black "Schlosser, Sebastian"]
[Result "1-0"]
[WhiteElo "1859"]
[BlackElo "1402"]
[PlyCount "93"]
[EventDate "2009.??.??"]
[WhiteTeam "SF Plochingen"]
[BlackTeam "SK Kolbermoor"]

1. Nf3 d5 2. b3 Nf6 3. Bb2 e6 4. e3 Bd6 5. c4 O-O 6. Be2 c5 7. O-O b6 8. d3 Bb7
9. Ne5 Nc6 10. Nxc6 Bxc6 11. cxd5 Nxd5 12. Nd2 Qb8 13. h3 Qb7 14. a3 Qe7 15.
Nc4 Qg5 16. Bf3 Bc7 17. Bxd5 exd5 18. Nd2 Rfe8 19. Nf3 Qh5 20. d4 Bd7 21. Ne5
Qxd1 22. Rfxd1 Bxe5 23. dxe5 Bc6 24. Rac1 a5 25. f4 Rad8 26. Kf2 Bb7 27. g4 Ba6
28. Rd2 a4 29. bxa4 Bc4 30. Rc3 Ra8 31. e4 Red8 32. exd5 Rxd5 33. Rxd5 Bxd5 34.
Rd3 Bc4 35. Rd6 Rb8 36. f5 Bb3 37. Ke3 Bxa4 38. Kf4 h6 39. e6 f6 40. h4 c4 41.
g5 fxg5+ 42. hxg5 hxg5+ 43. Kxg5 Kf8 44. Rd4 Rc8 45. Bc3 Bc2 46. Rd7 Rc5 47.
Bb4 1-0

[Event "Frankfurt Ch 2009"]
[Site "Ffm-Kalbach, LAZ"]
[Date "2009.05.18"]
[Round "4.67"]
[White "Löhr, Holger"]
[Black "Stulken, Dietmar"]
[Result "1-0"]
[WhiteElo "1730"]
[BlackElo "1329"]
[PlyCount "71"]
[EventDate "2009.??.??"]
[WhiteTeam "Sfr. Braunfels e.V."]
[BlackTeam "SC Brett vor'm Kopp Ffm"]

1. e4 e5 2. Nf3 Nc6 3. Bc4 Be7 4. c3 Nf6 5. Qe2 O-O 6. O-O Na5 7. Nxe5 Nxc4 8.
Nxc4 d6 9. d4 b6 10. f3 Ba6 11. Nbd2 d5 12. exd5 Nxd5 13. Re1 Re8 14. Qd1 c5
15. Ne5 Qc7 16. Ne4 Rac8 17. Bd2 f6 18. Ng4 f5 19. Ne5 fxe4 20. fxe4 Nf6 21.
Qb3+ c4 22. Qc2 Bd6 23. Nf3 Bf4 24. e5 Bxd2 25. Nxd2 Nd5 26. Ne4 Re6 27. Nd6
Rf8 28. Qe4 Nf4 29. Rf1 Ng6 30. h4 Qe7 31. h5 Nh8 32. Rxf8+ Qxf8 33. Qd5 Qe7
34. Rf1 h6 35. Qa8+ Kh7 36. Rf8 1-0

[Event "Frankfurt Ch 2009"]
[Site "Ffm-Kalbach, LAZ"]
[Date "2009.05.18"]
[Round "4.68"]
[White "Lehmann, Gerit"]
[Black "Barisch, Florian"]
[Result "1-0"]
[WhiteElo "1394"]
[BlackElo "1697"]
[PlyCount "120"]
[EventDate "2009.??.??"]
[WhiteTeam "SC 1924 Lampertheim"]
[BlackTeam "SV 1934 Ffm-Griesheim"]

1. d4 Nf6 2. Nf3 d6 3. c4 g6 4. Nc3 Bg7 5. e3 O-O 6. Be2 Nbd7 7. O-O c5 8. b3
b6 9. Bb2 Bb7 10. Rc1 Re8 11. Rc2 h6 12. Nd2 Qc8 13. Bf3 Rd8 14. Bxb7 Qxb7 15.
Qf3 Qxf3 16. Nxf3 g5 17. h3 Kh7 18. Ne2 Ne4 19. Nd2 Nxd2 20. Rxd2 Nf6 21. f3
Rd7 22. dxc5 bxc5 23. e4 Ne8 24. Bxg7 Kxg7 25. Rfd1 f6 26. Nc3 Nc7 27. Nd5 Nxd5
28. Rxd5 Rb7 29. Rb1 Rab8 30. Rd2 Kf7 31. Rdb2 Ke6 32. Kf2 Kd7 33. a3 a5 34.
Ke3 a4 35. b4 cxb4 36. axb4 a3 37. Rb3 a2 38. Ra1 Rxb4 39. Rxb4 Rxb4 40. Rxa2
Rxc4 41. Rd2 h5 42. g3 Rc3+ 43. Ke2 Rc1 44. Kf2 Rh1 45. Kg2 Rc1 46. Kf2 Rc8 47.
h4 Rg8 48. Rd5 gxh4 49. gxh4 e5 50. Ra5 Rc8 51. Ra2 Rc3 52. Rd2 Rc1 53. Kg2 Rc7
54. Kg3 Rc5 55. Rb2 Rc7 56. Rb8 Rc8 57. Rb2 Rc1 58. Rg2 Rh1 59. Rf2 Rg1+ 60.
Kh2 Rc1 {ZÜ} 1-0

[Event "Frankfurt Ch 2009"]
[Site "Ffm-Kalbach, LAZ"]
[Date "2009.05.18"]
[Round "4.69"]
[White "Witt, Holger"]
[Black "Schwabe, Michael"]
[Result "1/2-1/2"]
[WhiteElo "1555"]
[BlackElo "1896"]
[PlyCount "80"]
[EventDate "2009.??.??"]
[WhiteTeam "SC 1934 Viernheim"]
[BlackTeam "Chess Tigers SFV"]

1. e4 c6 2. Nc3 d5 3. Nf3 dxe4 4. Nxe4 Bf5 5. Ng3 Bg6 6. h4 h6 7. Ne5 Qd6 8.
Nxg6 Qxg6 9. d4 e6 10. Bd3 Qf6 11. Be3 Bd6 12. Ne4 Qe7 13. Nxd6+ Qxd6 14. c3
Nf6 15. Qd2 Nd5 16. O-O-O Nxe3 17. Qxe3 Nd7 18. Rh3 O-O-O 19. Qg3 Qxg3 20. Rxg3
g6 21. Rf3 f5 22. Re3 Nf8 23. Bc4 Kd7 24. Rde1 Re8 25. d5 cxd5 26. Bb5+ Ke7 27.
Bxe8 Kxe8 28. f4 Rh7 29. Rd1 Re7 30. Red3 Nd7 31. Rd4 Nb6 32. Re1 Kf7 33. b3
Kf6 34. Rd3 Nd7 35. g3 Nc5 36. Rd4 Ne4 37. Re3 Rc7 38. Kb2 g5 39. hxg5+ hxg5
40. c4 Rd7 1/2-1/2

[Event "Frankfurt Ch 2009"]
[Site "Ffm-Kalbach, LAZ"]
[Date "2009.05.18"]
[Round "4.70"]
[White "Ebertz, Michael"]
[Black "Lopez-Fuertes, Victor"]
[Result "1-0"]
[WhiteElo "1587"]
[BlackElo "1448"]
[PlyCount "107"]
[EventDate "2009.??.??"]
[WhiteTeam "SC 1952 Obertshausen"]
[BlackTeam "SC 1910 Höchst"]

1. e4 c6 2. d4 d5 3. e5 Bf5 4. Bd3 Bxd3 5. Qxd3 e6 6. Ne2 Nd7 7. O-O Nh6 8. f4
f5 9. c4 Be7 10. cxd5 cxd5 11. b3 O-O 12. Ba3 Bxa3 13. Nxa3 Qb6 14. Qb5 Rf7 15.
Rac1 a6 16. Qxb6 Nxb6 17. Rc3 Rc8 18. Rfc1 Rxc3 19. Rxc3 Kf8 20. Nb1 Ke8 21.
Nd2 Kd8 22. Nf3 Re7 23. Ng5 g6 24. a4 Ng8 25. Nc1 h6 26. Nf3 Rc7 27. Rxc7 Kxc7
28. Nd3 Nd7 29. Nc5 Nf8 30. Kf2 Kb6 31. Ke3 Ka7 32. h3 b6 33. Nd3 Ne7 34. g4
fxg4 35. hxg4 Nh7 36. Nb4 a5 37. Nc2 Ka6 38. Kd3 h5 39. gxh5 gxh5 40. Nh4 Nf8
41. Ne3 Nfg6 42. Nxg6 Nxg6 43. f5 Nf4+ 44. Kd2 exf5 45. Nxf5 Ng6 46. e6 h4 47.
e7 Nxe7 48. Nxe7 h3 49. Nf5 b5 50. Ke3 bxa4 51. bxa4 Kb6 52. Kf4 Kc6 53. Ke5
Kd7 54. Kxd5 1-0

[Event "Frankfurt Ch 2009"]
[Site "Ffm-Kalbach, LAZ"]
[Date "2009.05.18"]
[Round "4.71"]
[White "Honert, Stefan"]
[Black "Cipca, Adrian"]
[Result "1-0"]
[WhiteElo "1311"]
[BlackElo "1577"]
[PlyCount "105"]
[EventDate "2009.??.??"]
[WhiteTeam "Sfr. Frankfurt 1921"]
[BlackTeam "SK Bad Homburg 1927"]

1. d4 d5 2. c4 c6 3. e3 Nf6 4. Nc3 e6 5. Nf3 Nbd7 6. Be2 dxc4 7. Bxc4 b5 8. Bd3
a6 9. O-O c5 10. Re1 c4 11. Bc2 Bb7 12. e4 Bb4 13. Bd2 O-O 14. e5 Ne8 15. Ng5
g6 16. Nge4 Ng7 17. a3 Be7 18. b4 Nf5 19. Be3 Qc7 20. g4 Nxe3 21. fxe3 Rad8 22.
Qe2 Qc6 23. Ng3 Qc7 24. Nce4 Kg7 25. g5 a5 26. Rab1 axb4 27. axb4 Ra8 28. Qf2
Ra2 29. Re2 Nb6 30. Nf6 Rfa8 31. Nge4 Ra1 32. Qh4 Rxb1+ 33. Bxb1 h5 34. Ra2
Rxa2 35. Ne8+ Kf8 36. Nxc7 Rb2 37. Qe1 Rxb4 38. Nc5 c3 39. Nxb7 Na4 40. Nc5
Nxc5 41. dxc5 Rg4+ 42. Kf1 b4 43. Qf2 Kg8 44. Nb5 Bxc5 45. Nd6 Bxd6 46. exd6
Rxg5 47. Qa2 Rb5 48. Bc2 Kg7 49. Bb3 Kf6 50. d7 Ke7 51. Ba4 Rd5 52. Qc4 g5 53.
Qc8 1-0

[Event "Frankfurt Ch 2009"]
[Site "Ffm-Kalbach, LAZ"]
[Date "2009.05.18"]
[Round "4.72"]
[White "Sallwey, Rainer"]
[Black "Paulicks, Frank"]
[Result "1-0"]
[WhiteElo "1570"]
[BlackElo "1083"]
[PlyCount "89"]
[EventDate "2009.??.??"]
[WhiteTeam "SK Langen"]
[BlackTeam "Sfr.1891 Friedberg"]

1. d4 c5 2. d5 Nf6 3. c4 e6 4. Nc3 exd5 5. cxd5 g6 6. Nf3 d6 7. g3 Bg7 8. Bg2
O-O 9. O-O Re8 10. Nd2 Na6 11. Nc4 b5 12. Nxb5 Bf8 13. Bf4 Qe7 14. Nbxd6 Rd8
15. Nxc8 Raxc8 16. d6 Qe6 17. Qa4 Qxe2 18. Rfe1 Qh5 19. Qxa6 Nd5 20. Bd2 Bg7
21. Ba5 Nb4 22. Qxa7 Nc2 23. Bxd8 Nxa1 24. Rxa1 Rxd8 25. Qe7 Rb8 26. d7 Bf8 27.
d8=Q Rxd8 28. Qxd8 Kg7 29. a4 Qe2 30. Qd5 Qc2 31. Qe5+ Kg8 32. Qc3 Qf5 33. a5
Bg7 34. Qb3 Bd4 35. Rf1 h5 36. Nd6 Qf6 37. Qxf7+ Qxf7 38. Nxf7 Kxf7 39. b3 Ke7
40. a6 c4 41. bxc4 Ba7 42. Rb1 Kd6 43. Rb7 Kc5 44. Rxa7 Kb6 45. Ra8 1-0

[Event "Frankfurt Ch 2009"]
[Site "Ffm-Kalbach, LAZ"]
[Date "2009.05.18"]
[Round "4.74"]
[White "Grohmüller, Robert"]
[Black "Popp, Matthias"]
[Result "0-1"]
[WhiteElo "1302"]
[BlackElo "1591"]
[PlyCount "52"]
[EventDate "2009.??.??"]
[WhiteTeam "FB Mörlenbach-Birkenau"]
[BlackTeam "SC Bergen-Enkheim 1922"]

1. d4 Nf6 2. c4 d6 3. Nc3 Nbd7 4. Nf3 e5 5. e4 c6 6. Bg5 Be7 7. dxe5 dxe5 8.
Bd3 h6 9. Bh4 Nh5 10. Bg3 Nxg3 11. fxg3 O-O 12. O-O Qb6+ 13. Kh1 Qxb2 14. Na4
Qa3 15. Qc2 Qd6 16. Rad1 Qc7 17. Qb2 Qa5 18. Qc2 Nf6 19. Nh4 Ng4 20. Rf3 Bg5
21. Rb1 Ne3 22. Rxe3 Bxe3 23. Nf5 Bg5 24. c5 Qd2 25. Qb3 Be6 26. Bc4 Bxc4 0-1

[Event "Frankfurt Ch 2009"]
[Site "Ffm-Kalbach, LAZ"]
[Date "2009.05.18"]
[Round "4.76"]
[White "Kirschner, Matthias"]
[Black "Leßmann, Sven"]
[Result "1/2-1/2"]
[WhiteElo "1719"]
[BlackElo "1193"]
[PlyCount "134"]
[EventDate "2009.??.??"]
[WhiteTeam "SV 1997 Nauheim"]
[BlackTeam "SC Bad Soden"]

1. c4 Nf6 2. g3 e6 3. Bg2 Nc6 4. Nf3 b6 5. O-O Ba6 6. d3 g6 7. Nc3 Bb7 8. a3
Bg7 9. Rb1 O-O 10. Qc2 Ne7 11. b4 d5 12. Nd2 c6 13. a4 Nf5 14. e3 e5 15. cxd5
cxd5 16. Nf3 Qc7 17. Qb3 Rac8 18. Bb2 Nd7 19. Rfc1 Qd6 20. e4 Ne7 21. Nb5 Qb8
22. Nd2 Bh6 23. Qd1 a6 24. Na3 Qd6 25. Rxc8 Rxc8 26. Nf3 Qxb4 27. Bh3 f5 28.
exd5 Bxd5 29. Nc4 Bxf3 30. Qxf3 Qxa4 31. Nxe5 Nxe5 32. Bxe5 Qa5 33. Bf6 Re8 34.
Qb7 Bf8 35. Qxb6 Qxb6 36. Rxb6 Nd5 37. Rxa6 Nxf6 38. Rxf6 Bg7 39. Rd6 Bf8 40.
Rd7 Re1+ 41. Bf1 Rd1 42. Kg2 h5 43. d4 Rd2 44. Kf3 Bc5 45. Ke3 Rd1 46. Bc4+ Kf8
47. Bf7 Bxd4+ 48. Ke2 Ra1 49. Bxg6 Ra2+ 50. Kd3 Bxf2 51. Rf7+ Kg8 52. Rxf5 Ra3+
53. Kc4 Bg1 54. Rxh5 Kg7 55. Be4 Kf6 56. g4 Ra4+ 57. Kd5 Rd4+ 58. Kc6 Rxe4 59.
h3 Re6+ 60. Kd7 Re7+ 61. Kc6 Kg6 62. Kd5 Rh7 63. Rf5 Rxh3 64. Ke4 Rh4 65. Kf3
Rh3+ 66. Kg2 Rh2+ 67. Kxg1 Rh4 1/2-1/2

[Event "Frankfurt Ch 2009"]
[Site "Ffm-Kalbach, LAZ"]
[Date "2009.05.18"]
[Round "4.77"]
[White "Hanka, Katrin"]
[Black "Scheerer, Michael"]
[Result "1-0"]
[WhiteElo "1269"]
[BlackElo "1427"]
[PlyCount "61"]
[EventDate "2009.??.??"]
[WhiteTeam "Bad Vilbeler Sfr.1985"]
[BlackTeam "Sfr. Frankfurt 1921"]

1. d4 d5 2. Nf3 Nf6 3. c4 e6 4. Bg5 Be7 5. Nc3 O-O 6. e3 h6 7. Bh4 Ne4 8. Bxe7
Qxe7 9. a3 Nxc3 10. bxc3 b6 11. cxd5 exd5 12. Bd3 Bg4 13. O-O Nd7 14. Bc2 Nf6
15. h3 Bxf3 16. Qxf3 Ne4 17. Qf5 Nf6 18. Qd3 Rac8 19. f3 Rfe8 20. Rfe1 g6 21.
e4 Qd7 22. e5 Nh5 23. Qe3 Kh7 24. f4 c5 25. Qf3 cxd4 26. Qxh5 Rxc3 27. Qe2 Rec8
28. Bd3 Qa4 29. Qd1 Qc6 30. Ba6 Rc7 31. Qxd4 1-0

[Event "Frankfurt Ch 2009"]
[Site "Ffm-Kalbach, LAZ"]
[Date "2009.05.18"]
[Round "4.78"]
[White "Bauer, Alfred"]
[Black "Precht, Marten"]
[Result "1/2-1/2"]
[WhiteElo "1407"]
[BlackElo "965"]
[PlyCount "141"]
[EventDate "2009.??.??"]
[WhiteTeam "FB Mörlenbach-Birkenau"]
[BlackTeam "SC 1933 Somborn"]

1. e4 e5 2. Nf3 Nc6 3. d4 exd4 4. Nxd4 Nxd4 5. Qxd4 c5 6. Qd1 d6 7. Bc4 Nf6 8.
Nc3 Be7 9. O-O O-O 10. Bf4 a6 11. a3 b5 12. Ba2 Bb7 13. Re1 c4 14. Qe2 d5 15.
exd5 Re8 16. Rad1 Bd6 17. Be3 Nxd5 18. Nxd5 Bxd5 19. Rxd5 Bxh2+ 20. Kxh2 Qxd5
21. b3 Qe5+ 22. Kg1 Qb2 23. Bb1 cxb3 24. cxb3 Qxb3 25. Qc2 Qxc2 26. Bxc2 Rac8
27. Bf5 Rc3 28. Ra1 g6 29. Bg4 f5 30. Bf3 Rd3 31. Bb7 a5 32. Bc6 Rb8 33. Ba7
Rbd8 34. Bxb5 Rd1+ 35. Rxd1 Rxd1+ 36. Kh2 Ra1 37. a4 Kf8 38. Bb6 Ra2 39. Kg3 h5
40. Bxa5 f4+ 41. Kf3 g5 42. Bb6 Rb2 43. Bd4 Rb3+ 44. Ke4 Rb4 45. Ke5 Kf7 46.
Bc5 Rb2 47. Kf5 Rc2 48. Bb6 h4 49. Kxg5 f3 50. Kxh4 fxg2 51. f3 Rc1 52. Kg5
g1=Q+ 53. Bxg1 Rxg1+ 54. Kf5 Rc1 55. f4 Rc5+ 56. Ke4 Kf6 57. Bd7 Rc7 58. Bb5
Re7+ 59. Kf3 Kf5 60. Bd3+ Kf6 61. a5 Rc7 62. a6 Rc3 63. Ke4 Ra3 64. Bb5 Ra5 65.
Bd3 Ra4+ 66. Ke3 Ra3 67. Kd4 Ra4+ 68. Bc4 Kf5 69. Kc5 Kxf4 70. Bb5 Rxa6 71.
Bxa6 1/2-1/2